00348nam a2200133Ia 4500008004100000020001500041041001200056082001600068100001800084245005900102260003700161300000800198650000800206221030s9999 xx 000 0 und d a8185336202 aEnglish a105.23bSri aL. S. Srinath 0aPert & CPM Principles & Applicationscby L. S. Srinath bEast West PressaNew Delhic2002 a202 aECE